000 01579nam0a2200373 i 4500
001 RU\NLR\BIBL_A\011150208
005 20260407135610.0
010 _a9785705747610
_96000
021 _aRU
_b2016-44018
_92819
035 _a(NILC)RuMoRGB-008503290
035 _a(NLR Aleph) 011150208
090 _a11668547
_c11668547
100 _a20160610d2016 cm y0rusy50 ca
101 0 _arus
102 _aRU
105 _aa|||j|||000yy
200 1 _aДиктанты
_iРусский язык
_e4 класс
_fИзд-во "Учитель"
_g[сост. Е. А. Виноградова]
210 _aВолгоград
_cУчитель
_d[2016]
215 _a237 с.
_cил.
_d20
225 1 _aВ помощь преподавателю начальной школы
225 1 _aФГОС
320 _aБиблиогр.: с. 232-235 (50 назв.)
333 _a6+
606 1 _aРусский язык
_jРуководства, пособия и т.п
_xДиктанты
_xМетодика
_xНачальная школа
_91533232
_3RU\NLR\AUTH\66969170
675 _a811.161.1
686 1 _aЧ426.131(2)53-254.11,01я7
702 1 _4220
_7ca
_8rus
_aВиноградова
_bЕ. А.
_cметодист, русский язык
_gЕлена Анатольевна
_9161999
_3RU\NLR\AUTH\770162043
712 0 2 _4570
_a"Учитель", издательство
_cВолгоград
_3RU\NLR\AUTH\8810004275
_9505853
801 0 _aRU
_bРГБ
_c20160530
_gRCR
801 2 _aRU
_bРГБ
_c20160602
_grcr
942 _cBOOK
980 _aNBR